000 00339nam a22001453 4500
001 206675
005 20250522102640.0
090 _a206675
100 _a20250522 ukry50
101 _aukr
102 _aUA
200 _a
210 _d2025
801 _2unimarc
_aUA
_gpsbo
942 _cNEWSPAPER